|
|
|
|
| LEADER |
00814nam a22002412a 4500 |
| 001 |
001664783 |
| 003 |
CZ BrMZK |
| 005 |
20231009085159.0 |
| 007 |
ta |
| 008 |
190122s1955 xxu er|||||||||||eng d |
| 040 |
|
|
|a BOA001
|b cze
|e aacr2
|
| 100 |
1 |
|
|a Day, Boysie Eugene,
|d 1917-1988
|7 mzk20231203507
|4 aut
|
| 245 |
1 |
0 |
|a Chemical weed control in rose nursery fields /
|c Boysie E. Day and Robert C. Russell
|
| 260 |
|
|
|a Berkeley :
|b University of California,
|c 1955
|
| 300 |
|
|
|a S. 597-612
|
| 490 |
1 |
|
|a Hilgardia ;
|v vol. 23, no. 14
|
| 504 |
|
|
|a Obsahuje bibliografii
|
| 700 |
1 |
|
|a Russell, Robert Cone,
|d 1917-
|7 jo2007409440
|4 aut
|
| 830 |
|
0 |
|a Hilgardia
|
| 910 |
|
|
|a BOA001
|b X-0404.947
|
| 990 |
|
|
|a BK
|
| 991 |
|
|
|b 201901
|
| 996 |
7 |
|
|b 2618968680
|c X-0404.947
|l MZK
|r Sklad / do 24 hodin
|n 0
|w 001704077
|u 000010
|a 1
|e BOA001
|j MZK50
|s A
|